Central Library OPAC University of Rajshahi

Wild flowers of the world : (Record no. 30288)

MARC details
000 -LEADER
fixed length control field 00888nam a2200265 4500
001 - CONTROL NUMBER
control field 30288
003 - CONTROL NUMBER IDENTIFIER
rucl marc code BD-RjUL
005 - DATE AND TIME OF LATEST TRANSACTION
control field 20211209051536.0
008 - FIXED-LENGTH DATA ELEMENTS--GENERAL INFORMATION
fixed length control field 140409s1970 enkab b 001 0 eng d
020 ## - INTERNATIONAL STANDARD BOOK NUMBER
International Standard Book Number 0718107772
035 ## - SYSTEM CONTROL NUMBER
System control number (BD-RjUL)30373
040 ## - CATALOGING SOURCE
Original cataloging agency DLC
Transcribing agency DLC
Modifying agency DLC
-- BD-RjUL
Language of cataloging eng
041 ## - LANGUAGE CODE
Language code of text/sound track or separate title eng
082 00 - DEWEY DECIMAL CLASSIFICATION NUMBER
Classification number 582.13
Author mark and year EVW 1970
100 1# - MAIN ENTRY--PERSONAL NAME
Personal name Everard, Barbara.
9 (RLIN) 92086
245 10 - TITLE STATEMENT
Title Wild flowers of the world :
Remainder of title a thousand beautiful plants /
Statement of responsibility, etc. painted by Barbara Everard; text by Brian D. Morley; consultant editors W. T. Stearn, Peter S. Green.
260 ## - PUBLICATION, DISTRIBUTION, ETC. (IMPRINT)
Place of publication, distribution, etc. London :
Name of publisher, distributor, etc. Ebury P. Joseph,
Date of publication, distribution, etc. 1970.
300 ## - PHYSICAL DESCRIPTION
Pagination 432 p. :
Illustrations col. illus., maps.
Size 32 cm.
504 ## - BIBLIOGRAPHY, ETC. NOTE
Bibliography, etc Bibliography: p. 28-29.and index.
650 #0 - SUBJECT ADDED ENTRY--TOPICAL TERM
Topical term or geographic name as entry element Wild flowers
General subdivision Pictorial works.
9 (RLIN) 92087
700 1# - ADDED ENTRY--PERSONAL NAME
Personal name Morley, Brian D.
Fuller form of name (Brian Derek)
942 ## - ADDED ENTRY ELEMENTS (KOHA)
Source of classification or shelving scheme Dewey Decimal Classification
Koha item type Books
Holdings
Lost status Source of classification or shelving scheme Damaged status Not for loan Collection code Permanent Location Current Location Shelving location Date acquired Source of acquisition Cost, normal purchase price Total Checkouts Full call number Date last seen Copy number Koha item type
  Dewey Decimal Classification   Not For Loan Non-fiction Central Library, University of Rajshahi Central Library, University of Rajshahi Reading Room 07/06/1973 Dhaka, Boob Centre. 99.00   582.13 EVW 1970 09/04/2014 C-1 Books